000 00489nam a2200169Ia 4500
003 0STCL
008 150530s9999 xx 000 0 und d
040 _aSTCL
_cSTCL
100 _aJagdish Handa; Chandra Prakash Khetan; Ramesh Waghmare, R.
245 _aEconomic behaviour of industrial corporations an econometric study of four Indian industries
250 _aFirst
260 _bMacmillan
_c1985
546 _aEnglish
942 _2ddc
_cBK
999 _c13026
_d13026
005 20220125165634.0